Secondary metabolism and cell differentiation (Record no. 27145)

MARC details
000 -LEADER
fixed length control field 00350nam a2200133Ia 4500
082 ## - DEWEY DECIMAL CLASSIFICATION NUMBER
Classification number 576.363
Item number LUC
100 ## - MAIN ENTRY--AUTHOR NAME
Personal name LUCKNER, M
245 #0 - TITLE STATEMENT
Title Secondary metabolism and cell differentiation
260 ## - PUBLICATION, DISTRIBUTION, ETC. (IMPRINT)
Place of publication Berlin
Name of publisher Springer
Year of publication 1977
650 ## - SUBJECT ADDED ENTRY--TOPICAL TERM
Topical Term Cell culture
650 ## - SUBJECT ADDED ENTRY--TOPICAL TERM
Topical Term Secondary metabolism
942 ## - ADDED ENTRY ELEMENTS (KOHA)
Koha item type Books
Holdings
Withdrawn status Lost status Damaged status Not for loan Home library Current library Date acquired Full call number Accession Number Koha item type
        RRII Library RRII Library 16/12/2021 576.363 LUC 07774 Books